Tratados públicos y acuerdos internacionales de Venezuela

Uloženo v:
Podrobná bibliografie
Korporativní autor: República de Venezuela. Ministerio de Relaciones Exteriores (Autor)
Médium: Kniha
Jazyk:španělština
Vydáno: Caracas Ragón 1955
Témata:
Tagy: Přidat tag
Žádné tagy, Buďte první, kdo vytvoří štítek k tomuto záznamu!

MARC

LEADER 00000nam a2200000 a 4500
001 UCT9122
003 CL-VaPUC
008 970404e19550000VE |||||||||||||||||spa|d
082 0 4 |a 341.42  |b REP  |2 21 
110 2 |a República de Venezuela. Ministerio de Relaciones Exteriores  |e author  |9 381519 
245 1 0 |a Tratados públicos y acuerdos internacionales de Venezuela 
300 |a v 
942 |c BK 
945 |d 19970404 00:00:00  |a cmena 
260 |a Caracas  |b Ragón  |c 1955 
500 |a v.8: 1944 - 1947 
500 |a v.9: 1947 - 1952 
500 |a v.10: 1952 - 1955 
650 0 |a Fronteras  |9 338773 
650 0 |a Relaciones Internacionales  |9 255740 
650 0 |a Acuerdos internacionales  |9 337381 
651 0 |a Venezuela  |9 254993 
583 |a last modification  |c 19970404 00:00:00  |k Rodrigo Vera 
999 |c 257545  |d 257543 
952 |0 0  |1 0  |4 0  |6 341_420000000000000_REP_1955  |7 0  |8 P  |9 281064  |a BIBDER  |b BIBDER  |d 2019-11-19  |h v.8  |i 1823051  |o 341.42 REP 1955  |p 1823051  |r 2023-01-25  |w 2019-11-19  |y BK  |k DER 
952 |0 0  |1 0  |4 0  |6 341_420000000000000_REP_1955  |7 0  |8 P  |9 281065  |a BIBDER  |b BIBDER  |d 2019-11-19  |h v.9  |i 182306K  |o 341.42 REP 1955  |p 182306K  |r 2023-01-25  |w 2019-11-19  |y BK  |k DER 
952 |0 0  |1 0  |4 0  |6 341_420000000000000_REP_1955  |7 0  |8 P  |9 281066  |a BIBDER  |b BIBDER  |d 2019-11-19  |h v.10  |i 1823043  |o 341.42 REP 1955  |p 1823043  |r 2023-01-25  |w 2019-11-19  |y BK  |k DER